| 000 | 00341nam a2200133Ia 4500 | ||
|---|---|---|---|
| 008 | 240624s9999 xx 000 0 und d | ||
| 041 | _aeng | ||
| 082 | _a658.8 TUR | ||
| 100 | _aTURBAN EFRAIM | ||
| 245 | _aSOCIAL COMMERCE MARKETING TECHNOLOGY AND | ||
| 260 |
_c2016 _aLondon _bSpringer |
||
| 300 | _axxi, 320 p.; 26 cm. | ||
| 365 |
_cERU _b33 |
||
| 999 |
_c32411 _d32411 |
||